[Event "Agios Nikolaos op 3rd"]
[Site "Agios Ioannis"]
[Date "2019.08.29"]
[Round "5"]
[White "Tsihlis, Hristos Panagiotis"]
[Black "Stoumbou, Eleni"]
[Result "1-0"]
[WhiteElo "1513"]
[BlackElo "1827"]
[PlyCount "49"]
[EventDate "2019.08.26"]
[EventType "swiss"]
[EventRounds "9"]
[EventCountry "GRE"]
[SourceTitle "EXT 2020"]
[Source "ChessBase"]
[SourceDate "2019.10.17"]
[SourceVersion "1"]
[SourceVersionDate "2019.10.17"]
[SourceQuality "1"]

1. c4 c6 2. d4 d5 3. Nf3 e6 4. Nc3 f5 5. e3 Nf6 6. Qc2 Bd6 7. b3 0-0 8. Bb2 Ne4 9. Bd3 Nd7 10. 0-0-0 a5 11. Ng1 Qh4 12. g3 Qh6 13. h4 Ndf6 14. Nxe4 fxe4 15. Be2 Qg6 16. Nh3 Ng4 17. Rdf1 e5 18. Kb1 exd4 19. Bxd4 a4 20. cxd5 cxd5 21. Bb5 a3 22. Nf4 Qf7 23. Nxd5 Nxf2 24. Nb6 Ra5 25. Nxc8 1-0

[Event "Agios Nikolaos op 3rd"]
[Site "Agios Ioannis"]
[Date "2019.08.27"]
[Round "3"]
[White "Koutsouraki, Ariadni"]
[Black "Stoumbou, Eleni"]
[Result "1/2-1/2"]
[WhiteElo "1497"]
[BlackElo "1827"]
[PlyCount "97"]
[EventDate "2019.08.26"]
[EventType "swiss"]
[EventRounds "9"]
[EventCountry "GRE"]
[SourceTitle "EXT 2020"]
[Source "ChessBase"]
[SourceDate "2019.10.17"]
[SourceVersion "1"]
[SourceVersionDate "2019.10.17"]
[SourceQuality "1"]

1. e4 c6 2. d4 d5 3. exd5 cxd5 4. Bd3 Nc6 5. c3 Qc7 6. Ne2 Bg4 7. 0-0 e6 8. Qe1 Bd6 9. f3 Bf5 10. Bxf5 exf5 11. Ng3+ Nge7 12. f4 0-0 13. Qf2 g6 14. Nd2 Rad8 15. Nb3 Nc8 16. Bd2 Be7 17. Ne2 Nd6 18. Rae1 Ne4 19. Qf3 Rfe8 20. Bc1 Bf8 21. Ng3 Na5 22. Nxa5 Qxa5 23. a3 b5 24. Nxe4 fxe4 25. Qd1 f5 26. g4 Qb6 27. gxf5 gxf5 28. Rf2 Kh8 29. Rg2 Qh6 30. Rg5 Be7 31. Rh5 Qg6+ 32. Kh1 Rg8 33. Rg1 Qxg1+ 34. Qxg1 Rxg1+ 35. Kxg1 Rf8 36. Rh6 Rf6 37. Rxf6 Bxf6 38. Kg2 Bh4 39. Bd2 Kg7 40. h3 Kg6 41. Kf1 Kh5 42. Kg2 a5 43. Be3 Kg6 44. Bd2 Kf7 45. Kf1 Ke6 46. Kg1 Bf6 47. Be3 Be7 48. Bd2 Bd6 49. Kf2 1/2-1/2

[Event "Aegean op 41st"]
[Site "Aghios Kirykos"]
[Date "2018.07.18"]
[Round "4"]
[White "Stoumbou, Eleni"]
[Black "Karagiannis, Athanasios"]
[Result "0-1"]
[WhiteElo "1811"]
[BlackElo "2202"]
[PlyCount "100"]
[EventDate "2018.07.16"]
[EventType "swiss"]
[EventRounds "9"]
[EventCountry "GRE"]
[SourceTitle "CBM 186 Extra"]
[Source "ChessBase"]
[SourceDate "2018.08.24"]
[SourceVersion "1"]
[SourceVersionDate "2018.08.24"]
[SourceQuality "1"]

1. d4 Nc6 2. e4 e5 3. Nf3 exd4 4. Nxd4 Bc5 5. Be3 Qf6 6. c3 Qg6 7. Nd2 Nxd4 8. cxd4 Bb6 9. g3 Nf6 10. Bg2 d5 11. exd5 Bg4 12. Qa4+ Bd7 13. Qa3 Bb5 14. Qb3 Qd3 15. Qxd3 Bxd3 16. d6 cxd6 17. Bxb7 Rb8 18. Bc6+ Ke7 19. Nb3 Rhc8 20. Kd2 Bc4 21. Bg2 a5 22. d5 Bxe3+ 23. Kxe3 Bxb3 24. axb3 Rxb3+ 25. Kd4 Rcb8 26. Rhe1+ Kf8 27. Ra4 Nd7 28. Re3 Rxb2 29. Rc3 Rxf2 30. Bh3 Ne5 31. Rxa5 Rb4+ 32. Ke3 Rf3+ 33. Kd2 Rb2+ 34. Kc1 Rxh2 35. Rxf3 Nxf3 36. Bd7 Ne5 37. Ba4 g5 38. Ra8+ Kg7 39. Rd8 Nd3+ 40. Kb1 Rb2+ 41. Ka1 Rb6 42. Bc6 Nc5 43. Rxd6 Ne4 44. Rd7 Nc3 45. Rb7 Rxb7 46. Bxb7 Kf6 47. Kb2 Ne4 48. g4 Ke5 49. Kc2 Nd6 50. Bc6 Kf4 0-1

[Event "GRE-chT 46th"]
[Site "Rio Achaia"]
[Date "2018.07.11"]
[Round "3.5"]
[White "Ratsma, Rosa"]
[Black "Stoumbou, Eleni"]
[Result "1-0"]
[WhiteElo "2265"]
[BlackElo "1811"]
[PlyCount "127"]
[EventDate "2018.07.10"]
[EventType "team"]
[EventRounds "7"]
[EventCountry "GRE"]
[SourceTitle "CBM 185 Extra"]
[Source "ChessBase"]
[SourceDate "2018.07.29"]
[SourceVersion "1"]
[SourceVersionDate "2018.07.29"]
[SourceQuality "1"]
[WhiteTeam "Zone of Glyfada"]
[BlackTeam "Panionios GA"]
[WhiteTeamCountry "GRE"]
[BlackTeamCountry "GRE"]

1. e4 c6 2. Nc3 d5 3. Nf3 dxe4 4. Nxe4 Nf6 5. Qe2 Bg4 6. h3 Bh5 7. Nxf6+ gxf6 8. d3 Qb6 9. g4 Bg6 10. Nh4 Nd7 11. Bg2 f5 12. Nxf5 Bxf5 13. gxf5 Qa5+ 14. Bd2 Qxf5 15. Be4 Qe6 16. Qg4 Qxg4 17. hxg4 Bg7 18. 0-0-0 h6 19. f4 0-0-0 20. Bf3 Bf6 21. Rh3 Nb6 22. Be2 Na4 23. c3 Nc5 24. Rdh1 Bg7 25. f5 Bf6 26. b4 Nd7 27. Rxh6 Rxh6 28. Rxh6 Rg8 29. Rh5 Rh8 30. g5 Bg7 31. d4 Rxh5 32. Bxh5 f6 33. g6 Nf8 34. Kc2 e6 35. fxe6 Nxe6 36. Bg4 Kd7 37. Kd3 Ke7 38. Bf5 Nf8 39. a4 Nd7 40. Bf4 a6 41. a5 Bf8 42. Ke4 Bg7 43. Kf3 Nf8 44. Bc8 Nxg6 45. Bxb7 Nxf4 46. Kxf4 Bh6+ 47. Ke4 Kd6 48. Bxa6 f5+ 49. Kd3 Kc7 50. Bc4 f4 51. Be6 f3 52. c4 Kb7 53. Bh3 Bg5 54. Bf1 Bh4 55. b5 cxb5 56. cxb5 Bd8 57. a6+ Kb8 58. Ke4 Bb6 59. Ke5 Kc7 60. d5 Bc5 61. Ke6 Kd8 62. d6 Ba7 63. Kd5 Kd7 64. Bh3+ 1-0

[Event "GRE-ch (Women) 39th"]
[Site "Athens"]
[Date "2017.03.16"]
[Round "6"]
[White "Stoumbou, Eleni"]
[Black "Makka, Ioulia"]
[Result "0-1"]
[WhiteElo "1843"]
[BlackElo "2116"]
[PlyCount "70"]
[EventDate "2017.03.11"]
[EventType "tourn"]
[EventRounds "9"]
[EventCountry "GRE"]
[SourceTitle "EXT 2024"]
[Source "ChessBase"]
[SourceDate "2023.10.10"]
[SourceVersion "1"]
[SourceVersionDate "2023.10.10"]
[SourceQuality "1"]

1. e4 c6 2. d4 d5 3. Nc3 dxe4 4. Nxe4 Nd7 5. Nf3 Ngf6 6. Ng3 e6 7. Bc4 Bd6 8. Qe2 0-0 9. Bg5 Qc7 10. 0-0-0 a6 11. Bxf6 Nxf6 12. Ne5 c5 13. f4 cxd4 14. Rxd4 b5 15. Bb3 Nd7 16. Re1 Nc5 17. Nh5 Nxb3+ 18. axb3 f6 19. Red1 Bxe5 20. fxe5 fxe5 21. Rd6 g6 22. Ng3 Qc5 23. Ne4 Qb4 24. Kb1 Bb7 25. Ng5 Bd5 26. Rd7 Rf5 27. Nxh7 Qf4 28. h3 Rc8 29. g4 Qf2 30. Rd2 Qxe2 31. Rxe2 Rf1+ 32. Ka2 a5 33. Ra7 a4 34. Ng5 axb3+ 35. cxb3 Rcc1 0-1

[Event "GRE-ch (Women) 39th"]
[Site "Athens"]
[Date "2017.03.15"]
[Round "5"]
[White "Pavlidou, Ekaterini"]
[Black "Stoumbou, Eleni"]
[Result "1-0"]
[WhiteElo "2166"]
[BlackElo "1843"]
[PlyCount "63"]
[EventDate "2017.03.11"]
[EventType "tourn"]
[EventRounds "9"]
[EventCountry "GRE"]
[SourceTitle "EXT 2024"]
[Source "ChessBase"]
[SourceDate "2023.10.10"]
[SourceVersion "1"]
[SourceVersionDate "2023.10.10"]
[SourceQuality "1"]

1. c4 e5 2. Nc3 Nf6 3. g3 d5 4. cxd5 Nxd5 5. Bg2 Nb6 6. e3 c6 7. Nge2 Bg4 8. h3 Be6 9. 0-0 N8d7 10. f4 f6 11. d4 Qc7 12. a4 a5 13. fxe5 fxe5 14. d5 Nxd5 15. Nxd5 Bxd5 16. Bxd5 cxd5 17. Nc3 Bc5 18. Nxd5 Qd6 19. b4 axb4 20. Bb2 0-0-0 21. Qb3 e4 22. Kg2 Nb6 23. Nxb6+ Qxb6 24. Rf2 Bxe3 25. a5 Qh6 26. Rc2+ Kb8 27. Be5+ Ka7 28. a6 Rd2+ 29. Rxd2 Bxd2 30. axb7+ Kxb7 31. Qd5+ Kb6 32. Bd4+ 1-0

[Event "GRE-ch (Women) 39th"]
[Site "Athens"]
[Date "2017.03.11"]
[Round "1"]
[White "Tsolakidou, Stavroula"]
[Black "Stoumbou, Eleni"]
[Result "1-0"]
[WhiteElo "2390"]
[BlackElo "1843"]
[PlyCount "53"]
[EventDate "2017.03.11"]
[EventType "tourn"]
[EventRounds "9"]
[EventCountry "GRE"]
[SourceTitle "EXT 2024"]
[Source "ChessBase"]
[SourceDate "2023.10.10"]
[SourceVersion "1"]
[SourceVersionDate "2023.10.10"]
[SourceQuality "1"]

1. e4 c6 2. d4 d5 3. e5 Bf5 4. h4 h5 5. Bd3 Bxd3 6. Qxd3 e6 7. Bg5 Qb6 8. Nd2 Qa6 9. c4 Ne7 10. Ngf3 Nd7 11. 0-0 f6 12. exf6 gxf6 13. Bf4 Kf7 14. Rfe1 Re8 15. Ng5+ fxg5 16. Nf3 gxf4 17. Ng5+ Kg8 18. Qh3 Nf5 19. Nxe6 Rxe6 20. Rxe6 Ng7 21. Rae1 Kh7 22. Qd3+ Kg8 23. Qg6 Qxc4 24. Re7 Qxd4 25. Rxd7 f3 26. Re8 Qd1+ 27. Kh2 1-0

[Event "GRE-chT 44th"]
[Site "Achaia"]
[Date "2016.07.06"]
[Round "2.6"]
[White "Stoumbou, Eleni"]
[Black "Markantonaki, Haritomeni"]
[Result "0-1"]
[WhiteElo "1894"]
[BlackElo "2200"]
[PlyCount "72"]
[EventDate "2016.07.05"]
[EventType "team-swiss"]
[EventRounds "7"]
[EventCountry "GRE"]
[SourceTitle "CBM 173 Extra"]
[Source "ChessBase"]
[SourceDate "2016.08.29"]
[SourceVersion "1"]
[SourceVersionDate "2016.08.29"]
[SourceQuality "1"]
[WhiteTeam "Panionios GS"]
[BlackTeam "Papagou DP"]
[WhiteTeamCountry "GRE"]
[BlackTeamCountry "GRE"]

1. e4 c5 2. Nf3 e6 3. d4 cxd4 4. Nxd4 Nc6 5. Nc3 Qc7 6. f4 a6 7. Nxc6 bxc6 8. e5 d5 9. exd6 Bxd6 10. Qg4 g6 11. Bd3 Nf6 12. Qh4 Be7 13. Qf2 c5 14. Be2 Bb7 15. Bf3 0-0 16. 0-0 Rab8 17. b3 c4 18. Na4 Rfd8 19. Bxb7 Qxb7 20. Bb2 Ne4 21. Qf3 Rd2 22. Rae1 Qa7+ 23. Qe3 Qxe3+ 24. Rxe3 f5 25. Be5 Rbd8 26. Rc1 Rxc2 27. Ree1 Rxa2 28. Rxc4 Rdd2 29. Bb2 Raxb2 30. Nxb2 Rxb2 31. h3 Bd6 32. Rf1 Rxb3 33. Rc6 a5 34. Ra6 Ra3 35. Rf3 Ra1+ 36. Kh2 a4 0-1

[Event "Athens Iraklion op 19th"]
[Site "Athens"]
[Date "2016.06.18"]
[Round "1"]
[White "Stoumbou, Eleni"]
[Black "Gogolis, Alexandros"]
[Result "0-1"]
[WhiteElo "1919"]
[BlackElo "2233"]
[PlyCount "69"]
[EventDate "2016.06.18"]
[EventType "swiss"]
[EventRounds "9"]
[EventCountry "GRE"]
[SourceTitle "CBM 173 Extra"]
[Source "ChessBase"]
[SourceDate "2016.08.29"]
[SourceVersion "1"]
[SourceVersionDate "2016.08.29"]
[SourceQuality "1"]

1. e4 d5 2. exd5 Qxd5 3. Nc3 Qa5 4. d4 Nf6 5. Nf3 Bf5 6. Bd2 e6 7. Bc4 Bb4 8. 0-0 Nc6 9. a3 Bxc3 10. Bxc3 Qb6 11. Qe2 0-0 12. Rad1 Rad8 13. b4 a6 14. b5 axb5 15. Rb1 Qa7 16. Bxb5 Qxa3 17. Rb3 Qd6 18. Bb2 Be4 19. c3 Qf4 20. Bc1 Qg4 21. Ba3 Rfe8 22. Re1 Bd5 23. Rbb1 Ra8 24. Bb4 Red8 25. Bxc6 Bxc6 26. Be7 Ra2 27. Qd3 Rd2 28. Qe3 Bxf3 29. Qxf3 Qxf3 30. gxf3 Rb8 31. Kf1 Nd5 32. Bb4 Ra8 33. Re2 Rxe2 34. Kxe2 b5 35. Bc5 0-1

[Event "GRE-chT 43rd"]
[Site "Porto Rio"]
[Date "2015.10.09"]
[Round "3.5"]
[White "Stoumbou, Eleni"]
[Black "Zimina, Olga"]
[Result "0-1"]
[WhiteElo "1856"]
[BlackElo "2378"]
[PlyCount "50"]
[EventDate "2015.10.08"]
[EventType "team-swiss"]
[EventRounds "7"]
[EventCountry "GRE"]
[SourceTitle "CBM 168 Extra"]
[Source "ChessBase"]
[SourceDate "2015.10.29"]
[SourceVersion "1"]
[SourceVersionDate "2015.10.29"]
[SourceQuality "1"]
[WhiteTeam "Panionios GSS"]
[BlackTeam "Piraikos"]
[WhiteTeamCountry "GRE"]
[BlackTeamCountry "GRE"]

1. e4 e5 2. Bc4 Nf6 3. d3 c6 4. Bb3 d5 5. exd5 Nxd5 6. Nc3 Nxc3 7. bxc3 Bd6 8. Qf3 0-0 9. Ne2 Kh8 10. 0-0 Nd7 11. Ng3 f5 12. Qh5 Nf6 13. Qh4 f4 14. Ne4 Nxe4 15. Qxd8 Rxd8 16. dxe4 Bc5 17. Kh1 g5 18. f3 g4 19. fxg4 Bxg4 20. Bc4 Rd6 21. a4 Rf8 22. Ba3 Bxa3 23. Rxa3 Rd2 24. Bd3 f3 25. g3 Bh3 0-1

[Event "Anogia op 3rd"]
[Site "Anogia"]
[Date "2014.07.31"]
[Round "3"]
[White "Skaperdas, Kostantinos"]
[Black "Stoumbou, Eleni"]
[Result "1-0"]
[WhiteElo "2093"]
[BlackElo "1820"]
[PlyCount "41"]
[EventDate "2014.07.30"]
[EventType "swiss"]
[EventRounds "9"]
[EventCountry "GRE"]
[SourceTitle "CBM 161 Extra"]
[Source "ChessBase"]
[SourceDate "2014.08.29"]
[SourceVersion "1"]
[SourceVersionDate "2014.08.29"]
[SourceQuality "1"]

1. e4 c6 2. d4 d5 3. Nc3 dxe4 4. Nxe4 Nf6 5. Nxf6+ gxf6 6. Nf3 Nd7 7. Be2 Nb6 8. 0-0 Qc7 9. c4 Bg4 10. a4 Bxf3 11. Bxf3 Nxc4 12. a5 a6 13. Qa4 Nd6 14. d5 Rc8 15. Bf4 Bg7 16. dxc6 bxc6 17. Bxd6 Qxd6 18. Rfd1 Qc7 19. Bxc6+ Kf8 20. Rd7 Qe5 21. Qb4 1-0

[Event "GRE-chT 42nd"]
[Site "Porto Rio"]
[Date "2014.07.01"]
[Round "5.5"]
[White "Stoumbou, Eleni"]
[Black "Socko, Monika"]
[Result "0-1"]
[WhiteElo "1844"]
[BlackElo "2463"]
[PlyCount "50"]
[EventDate "2014.06.28"]
[EventType "team-swiss"]
[EventRounds "7"]
[EventCountry "GRE"]
[SourceTitle "CBM 161 Extra"]
[Source "ChessBase"]
[SourceDate "2014.08.29"]
[SourceVersion "1"]
[SourceVersionDate "2014.08.29"]
[SourceQuality "1"]
[WhiteTeam "Panionios GS"]
[BlackTeam "Korinthias Argonaftis"]
[WhiteTeamCountry "GRE"]
[BlackTeamCountry "GRE"]

1. e4 c5 2. Nf3 e6 3. d4 cxd4 4. Nxd4 a6 5. Nc3 Qc7 6. Be3 Bb4 7. Qd2 Nf6 8. f3 d5 9. Bd3 e5 10. exd5 exd4 11. Bxd4 Nxd5 12. 0-0 Qf4 13. Qe2+ Be6 14. Bxg7 Bxc3 15. Bxc3 Nxc3 16. bxc3 Nc6 17. Rab1 Rb8 18. Be4 0-0 19. Qd3 Rfd8 20. Bxh7+ Kg7 21. Qe4 Qg5 22. f4 Qc5+ 23. Kh1 Qh5 24. f5 Bd5 25. f6+ Kh8 0-1

[Event "Rethymno op 5th"]
[Site "Rethymno"]
[Date "2013.08.02"]
[Round "7"]
[White "Fruteau, Sabine"]
[Black "Stoumbou, Eleni"]
[Result "0-1"]
[WhiteElo "2105"]
[BlackElo "1900"]
[PlyCount "116"]
[EventDate "2013.07.28"]
[EventType "swiss"]
[EventRounds "9"]
[EventCountry "GRE"]
[SourceTitle "CBM 155 Extra"]
[Source "ChessBase"]
[SourceDate "2013.08.26"]
[SourceVersion "1"]
[SourceVersionDate "2013.08.26"]
[SourceQuality "1"]

1. e4 c6 2. d4 d5 3. Nd2 dxe4 4. Nxe4 Nf6 5. Nxf6+ gxf6 6. Qd3 Bg4 7. Ne2 Na6 8. Bd2 Qd5 9. Nf4 Qd7 10. f3 Be6 11. Nxe6 Qxe6+ 12. Be2 0-0-0 13. 0-0 Qd7 14. Be3 Nb4 15. Qd2 Nd5 16. Bf2 h5 17. Qa5 Nf4 18. Bd3 Rg8 19. Qf5 Qxf5 20. Bxf5+ e6 21. Bd3 Rxg2+ 22. Kh1 Bd6 23. Bg3 Rg8 24. Rg1 Rxg1+ 25. Rxg1 Nxd3 26. cxd3 Bxg3 27. hxg3 Rd8 28. Kg2 Rxd4 29. Rd1 Kd7 30. Kf2 Rd5 31. Ke3 Rg5 32. Kf2 Ra5 33. a3 Rb5 34. Rd2 Rd5 35. Ke3 Kd6 36. Rh2 Kc5 37. Rh4 Kb6 38. Rf4 Re5+ 39. Kf2 f5 40. Rh4 Rd5 41. Ke2 Rb5 42. b4 a5 43. Kd2 axb4 44. axb4 c5 45. bxc5+ Rxc5 46. Rxh5 Rc7 47. Rh7 Kc5 48. Rh4 b5 49. Rh1 Ra7 50. Rc1+ Kd4 51. Rc2 Ra3 52. Rb2 Rxd3+ 53. Ke2 Re3+ 54. Kf2 Re5 55. Rd2+ Kc3 56. Rd7 b4 57. Rxf7 b3 58. Rc7+ Kb4 0-1

[Event "Rethymno op 5th"]
[Site "Rethymno"]
[Date "2013.07.29"]
[Round "3"]
[White "Stoumbou, Eleni"]
[Black "Lekic, Dusan"]
[Result "0-1"]
[WhiteElo "1900"]
[BlackElo "2430"]
[PlyCount "44"]
[EventDate "2013.07.28"]
[EventType "swiss"]
[EventRounds "9"]
[EventCountry "GRE"]
[SourceTitle "CBM 155 Extra"]
[Source "ChessBase"]
[SourceDate "2013.08.26"]
[SourceVersion "1"]
[SourceVersionDate "2013.08.26"]
[SourceQuality "1"]

1. e4 c5 2. Nf3 d6 3. d4 Nf6 4. e5 dxe5 5. dxe5 Qxd1+ 6. Kxd1 Ng4 7. Ke1 Nc6 8. Bf4 g5 9. Nxg5 Bg7 10. c3 Ngxe5 11. Na3 0-0 12. Nc4 Bf5 13. Nxe5 Nxe5 14. Rd1 Rad8 15. Rxd8 Rxd8 16. Bxe5 Bxe5 17. Bc4 e6 18. Ke2 b5 19. Bxb5 Rb8 20. a4 a6 21. Nf3 Bf4 22. g3 Bh6 0-1

[Event "GRE-chT 41st"]
[Site "Achaia"]
[Date "2013.07.07"]
[Round "7.5"]
[White "Stoumbou, Eleni"]
[Black "Zawadzka, Jolanta"]
[Result "0-1"]
[WhiteElo "1899"]
[BlackElo "2393"]
[PlyCount "54"]
[EventDate "2013.07.02"]
[EventType "team-swiss"]
[EventRounds "7"]
[EventCountry "GRE"]
[SourceTitle "CBM 155 Extra"]
[Source "ChessBase"]
[SourceDate "2013.08.26"]
[SourceVersion "1"]
[SourceVersionDate "2013.08.26"]
[SourceQuality "1"]
[WhiteTeam "Panionios GSS"]
[BlackTeam "Thessaloniki HS"]
[WhiteTeamCountry "GRE"]
[BlackTeamCountry "GRE"]

1. e4 c5 2. Nf3 Nc6 3. d4 cxd4 4. Nxd4 Nf6 5. Nc3 d6 6. Be2 e5 7. Nb3 Be7 8. Bg5 Be6 9. Bxf6 Bxf6 10. Bg4 0-0 11. 0-0 Qd7 12. h3 Bg5 13. Qe2 g6 14. Bxe6 fxe6 15. Rad1 Rad8 16. Qg4 Qe7 17. g3 Bf6 18. h4 Bg7 19. a3 a6 20. Kg2 b5 21. h5 Rf6 22. hxg6 Rxg6 23. Qe2 Qf7 24. a4 b4 25. Qxa6 Nb8 26. Qb6 Rf8 27. Qxb4 Qf3+ 0-1

[Event "Athens Panionios 1st"]
[Site "Athens"]
[Date "2013.02.02"]
[Round "1.7"]
[White "Giatrakos, Orestis"]
[Black "Stoumbou, Eleni"]
[Result "0-1"]
[WhiteElo "1005"]
[BlackElo "1925"]
[PlyCount "70"]
[EventDate "2013.02.02"]
[EventType "swiss"]
[EventRounds "7"]
[EventCountry "GRE"]
[SourceTitle "EXT 2024"]
[Source "ChessBase"]
[SourceDate "2023.10.10"]
[SourceVersion "1"]
[SourceVersionDate "2023.10.10"]
[SourceQuality "1"]

1. d4 d5 2. c4 Nf6 3. Nc3 e6 4. Nf3 c6 5. e3 Bd6 6. Bd3 0-0 7. 0-0 Nbd7 8. cxd5 exd5 9. Re1 Re8 10. e4 dxe4 11. Bxe4 Bb4 12. Bd3 Rxe1+ 13. Qxe1 Nb6 14. Bd2 Bg4 15. Ne4 Bxf3 16. gxf3 Bxd2 17. Nxf6+ Qxf6 18. Qxd2 Qxf3 19. Re1 Nd5 20. Be4 Qg4+ 21. Kh1 Nf6 22. Qd3 g6 23. Bf3 Qh4 24. Re2 Rd8 25. Rd2 Re8 26. Qf1 Ng4 27. Bxg4 Qxg4 28. f3 Qh4 29. Rd1 Re3 30. d5 cxd5 31. Rc1 d4 32. b4 d3 33. Qg1 Re2 34. Rd1 d2 35. Rxd2 Rxd2 0-1

[Event "Gazi op 8th"]
[Site "Gazi"]
[Date "2012.08.07"]
[Round "5"]
[White "Stoumbou, Eleni"]
[Black "Tsilidis, Alexandros"]
[Result "0-1"]
[WhiteElo "1929"]
[BlackElo "2247"]
[PlyCount "35"]
[EventDate "2012.08.04"]
[EventType "swiss"]
[EventRounds "9"]
[EventCountry "GRE"]
[SourceTitle "EXT 2024"]
[Source "ChessBase"]
[SourceDate "2023.10.10"]
[SourceVersion "1"]
[SourceVersionDate "2023.10.10"]
[SourceQuality "1"]

1. e4 e5 2. Nc3 Nc6 3. Bc4 Nf6 4. f4 Nxe4 5. Bxf7+ Kxf7 6. Nxe4 d5 7. Ng5+ Kg8 8. d3 Bc5 9. c3 Qe7 10. Qe2 h6 11. N5h3 Bf5 12. Be3 d4 13. Bd2 e4 14. dxe4 d3 15. Qxd3 Bxe4 16. Qc4+ Bd5+ 17. Qe2 Bxg2 18. 0-0-0 0-1

[Event "GRE-chT 40th"]
[Site "Achaia"]
[Date "2012.07.01"]
[Round "2.8"]
[White "Stoumbou, Eleni"]
[Black "Moser, Eva"]
[Result "0-1"]
[WhiteElo "1950"]
[BlackElo "2469"]
[PlyCount "76"]
[EventDate "2012.06.30"]
[EventType "team-swiss"]
[EventRounds "7"]
[EventCountry "GRE"]
[SourceTitle "CBM 149 Extra"]
[Source "ChessBase"]
[SourceDate "2012.08.24"]
[SourceVersion "1"]
[SourceVersionDate "2012.08.24"]
[SourceQuality "1"]
[WhiteTeam "Panionios"]
[BlackTeam "Florinas"]
[WhiteTeamCountry "GRE"]
[BlackTeamCountry "GRE"]

1. e4 d6 2. d4 Nf6 3. Nc3 Nbd7 4. f4 e5 5. Nf3 exd4 6. Qxd4 c6 7. Be3 d5 8. exd5 Bc5 9. Qd3 Qe7 10. Kd2 Bb4 11. Re1 Bxc3+ 12. bxc3 cxd5 13. Bd4 Ne4+ 14. Kd1 0-0 15. c4 Ndc5 16. Qe3 Qd6 17. cxd5 Qxd5 18. Bd3 Bf5 19. Bxe4 Nxe4 20. Nh4 Rfe8 21. Nxf5 Qxf5 22. Kc1 Rac8 23. Re2 Nd6 24. Qg3 f6 25. Rxe8+ Rxe8 26. Qb3+ Kh8 27. g3 a5 28. Rd1 b5 29. Qd3 Qxd3 30. Rxd3 Nc4 31. Kd1 h5 32. h3 Kh7 33. Bc3 Kg6 34. g4 hxg4 35. hxg4 Re4 36. Rf3 b4 37. Bd2 Rd4 38. Rd3 Nb2+ 0-1

[Event "Athens op 01-A"]
[Site "Athens"]
[Date "2012.01.10"]
[Round "1"]
[White "Stoumbou, Eleni"]
[Black "Tepelenis, Nikolaos"]
[Result "0-1"]
[WhiteElo "1929"]
[BlackElo "2149"]
[PlyCount "68"]
[EventDate "2012.01.10"]
[EventType "swiss"]
[EventRounds "7"]
[EventCountry "GRE"]
[SourceTitle "EXT 2014"]
[Source "ChessBase"]
[SourceDate "2013.11.20"]
[SourceVersion "1"]
[SourceVersionDate "2013.11.20"]
[SourceQuality "1"]

1. e4 e6 2. d4 d5 3. Nc3 Nf6 4. Bg5 dxe4 5. Nxe4 Be7 6. Bxf6 gxf6 7. c3 f5 8. Nc5 b6 9. Qf3 c6 10. Nd3 Bb7 11. g3 Qc7 12. Bg2 Nd7 13. Ne2 0-0-0 14. Qh5 c5 15. Bxb7+ Qxb7 16. 0-0 Rhf8 17. a4 Nf6 18. Qh3 Ne4 19. a5 Nd2 20. Rfd1 Nf3+ 21. Kf1 cxd4 22. axb6 axb6 23. cxd4 Nxd4 24. Rac1+ Kb8 25. Ne5 Bc5 26. Nxd4 Qh1+ 27. Ke2 Qe4+ 28. Kf1 Rxd4 29. Rxd4 Qh1+ 30. Ke2 Qxc1 31. Rd2 Bb4 32. Qh6 Rc8 33. Nd7+ Kb7 34. Nxb6 Bxd2 0-1

[Event "Isthmia op 1st"]
[Site "Vrachati"]
[Date "2011.08.21"]
[Round "4"]
[White "Kasparova, Tatiana"]
[Black "Stoumbou, Eleni"]
[Result "1-0"]
[WhiteElo "2129"]
[BlackElo "1873"]
[PlyCount "79"]
[EventDate "2011.08.18"]
[EventType "swiss"]
[EventRounds "9"]
[EventCountry "GRE"]
[SourceTitle "CBM 144 Extra"]
[Source "ChessBase"]
[SourceDate "2011.10.28"]
[SourceVersion "1"]
[SourceVersionDate "2011.10.28"]
[SourceQuality "1"]

1. e4 c6 2. d4 d5 3. Nc3 dxe4 4. Nxe4 Nf6 5. Nxf6+ gxf6 6. Nf3 Nd7 7. Bd3 Nb6 8. h3 Rg8 9. g3 h5 10. Be3 Be6 11. b3 Qd7 12. h4 Nd5 13. Bd2 Bg4 14. Be2 Qe6 15. 0-0 Qe4 16. c4 Nc7 17. Kh2 0-0-0 18. Be3 e6 19. Nd2 Qf5 20. Bxg4 Rxg4 21. Qb1 Qa5 22. Ne4 Qf5 23. Nd2 Qa5 24. Nf3 Bd6 25. a3 Ne8 26. b4 Qc7 27. Rg1 Qb8 28. d5 Rxc4 29. dxc6 Rxc6 30. Qh7 Rd7 31. Qxh5 Kd8 32. Qa5+ Bc7 33. Qh5 Bd6 34. Nd4 Rc4 35. Nb5 Be5 36. Rad1 a6 37. Rxd7+ Kxd7 38. Qxf7+ Kc6 39. Qxe6+ Kxb5 40. Qd5+ 1-0

[Event "Isthmia op 1st"]
[Site "Vrachati"]
[Date "2011.08.20"]
[Round "3"]
[White "Stoumbou, Eleni"]
[Black "Skiadopoulos, Nikolaos"]
[Result "1/2-1/2"]
[WhiteElo "1873"]
[BlackElo "2111"]
[PlyCount "103"]
[EventDate "2011.08.18"]
[EventType "swiss"]
[EventRounds "9"]
[EventCountry "GRE"]
[SourceTitle "CBM 144 Extra"]
[Source "ChessBase"]
[SourceDate "2011.10.28"]
[SourceVersion "1"]
[SourceVersionDate "2011.10.28"]
[SourceQuality "1"]

1. e4 c5 2. Nf3 Nc6 3. d4 cxd4 4. Nxd4 e5 5. Nb5 d6 6. N1c3 a6 7. Na3 b5 8. Nd5 Nce7 9. c4 Nxd5 10. exd5 Be7 11. cxb5 Nf6 12. Be2 0-0 13. 0-0 Bb7 14. Bc4 Qd7 15. bxa6 Rxa6 16. Bxa6 Bxa6 17. Bg5 Qf5 18. Bxf6 Bxf6 19. Re1 e4 20. Qa4 Bd3 21. Nc4 Qxd5 22. Rac1 Qd4 23. Qb3 d5 24. Ne3 Rd8 25. Qb7 Qxb2 26. Qxb2 Bxb2 27. Rc5 d4 28. Rd5 Re8 29. Nf5 Bc3 30. Rc1 Bc4 31. Rxd4 Bxd4 32. Rxc4 Be5 33. g3 g6 34. Ne3 f5 35. a4 Kf7 36. Rb4 h5 37. h4 Rd8 38. Rb5 Ke6 39. Rb6+ Kf7 40. Kf1 Bd4 41. Rb7+ Kf6 42. Ke2 Bc3 43. Rb5 Rd2+ 44. Kf1 Ke6 45. a5 Bd4 46. Rb4 Bxe3 47. fxe3 Ra2 48. Rb6+ Kd5 49. a6 Kc4 50. Rd6 Kc3 51. Ke1 Ra1+ 52. Ke2 1/2-1/2

[Event "Isthmia op 1st"]
[Site "Vrachati"]
[Date "2011.08.19"]
[Round "2"]
[White "Del Rio de Angelis, Salvador Gabriel"]
[Black "Stoumbou, Eleni"]
[Result "1-0"]
[WhiteElo "2509"]
[BlackElo "1873"]
[PlyCount "41"]
[EventDate "2011.08.18"]
[EventType "swiss"]
[EventRounds "9"]
[EventCountry "GRE"]
[SourceTitle "CBM 144 Extra"]
[Source "ChessBase"]
[SourceDate "2011.10.28"]
[SourceVersion "1"]
[SourceVersionDate "2011.10.28"]
[SourceQuality "1"]

1. d4 d5 2. c4 c6 3. Nf3 e6 4. e3 Nf6 5. Nc3 Nbd7 6. Bd3 dxc4 7. Bxc4 b5 8. Bd3 a6 9. a4 b4 10. Nb1 c5 11. 0-0 Bb7 12. Nbd2 cxd4 13. exd4 g6 14. Nc4 Nb6 15. Nce5 Bxf3 16. Qxf3 Nbd5 17. Bg5 Bg7 18. Be4 0-0 19. Ng4 h5 20. Nxf6+ Nxf6 21. Bxf6 1-0